| 000 | 00340 a2200109 4500 | ||
|---|---|---|---|
| 001 | ART_12002 | ||
| 005 | 20260410161902.0 | ||
| 008 | 260409a | ||
| 245 | 1 | 0 | _aSelf-selection and pareto efficient taxation |
| 100 | 1 | _aStiglitz, Joseph E. | |
| 773 | 0 |
_tJournal of public economics _g- Vol. 17, NÂș 2 (mar. 1982) _wREV11485 |
|
| 999 |
_c25994 _d25994 |
||